000
00290nam a2200133Ia 4500
008
231017s9999 xx 000 0 und d
082
_a
624
082
_b
MEM
245
0
_a
Memo to Designers: December 1998
245
0
_c
Caltrans
260
_b
Caltrans
300
_c
30cm
942
_c
REP
999
_c
604056
_d
604056